CINDERELLA / THUMBELINA / PUSS IN BOOTS / THE UGLY DUCKING (Record no. 386088)

MARC details
000 -LEADER
fixed length control field 00402nam a2200121Ia 4500
008 - FIXED-LENGTH DATA ELEMENTS--GENERAL INFORMATION
fixed length control field 100122s9999 xx 000 0 und d
082 ## - DEWEY DECIMAL CLASSIFICATION NUMBER
Item number 12569
Classification number 823
245 ## - TITLE STATEMENT
Title CINDERELLA / THUMBELINA / PUSS IN BOOTS / THE UGLY DUCKING
300 ## - PHYSICAL DESCRIPTION
Extent 40
630 ## - SUBJECT ADDED ENTRY--UNIFORM TITLE
Uniform title CINDERELLA / THUMBELINA / PUSS IN BOOTS / THE UGLY DUCKING
730 ## - ADDED ENTRY--UNIFORM TITLE
Uniform title CINDERELLA / THUMBELINA / PUSS IN BOOTS / THE UGLY DUCKING
942 ## - ADDED ENTRY ELEMENTS (KOHA)
Koha item type Book
Holdings
Withdrawn status Lost status Damaged status Not for loan Home library Current library Date acquired Cost, normal purchase price Total Checkouts Full call number Barcode Date last seen Cost, replacement price Price effective from Koha item type Public note
        S.V. Pathak Library, Vile Parle S.V. Pathak Library, Vile Parle 05/06/2005 80.00   12569 SVPPARLE-12569 01/25/2010 80.00 01/25/2010 Book ", , , NA"